|
|
|
|
| LEADER |
00000nam0a2200000 4500 |
| 001 |
268695 |
| 005 |
20231101234206.0 |
| 035 |
|
|
|a (RuTPU)RU\TPU\book\291848
|
| 090 |
|
|
|a 268695
|
| 100 |
|
|
|a 20140906d1987 km y0rusy50 ca
|
| 101 |
0 |
|
|a rus
|
| 102 |
|
|
|a RU
|
| 105 |
|
|
|a a z 001zy
|
| 200 |
1 |
|
|a Отладка программ в системе телеобработки КАМА
|f А. М. Лукацкий
|
| 210 |
|
|
|a Москва
|c Радио и связь
|d 1987
|
| 215 |
|
|
|a 248 с.
|c ил.
|
| 320 |
|
|
|a Библиогр.: с. 245
|
| 606 |
1 |
|
|a Программное обеспечение
|2 stltpush
|3 (RuTPU)RU\TPU\subj\67736
|9 83428
|
| 610 |
1 |
|
|a телеобработка
|
| 610 |
1 |
|
|a отладка
|
| 610 |
1 |
|
|a программы
|
| 610 |
1 |
|
|a аварийные ситуации
|
| 610 |
1 |
|
|a диагностика
|
| 610 |
1 |
|
|a функционирование
|
| 610 |
1 |
|
|a логика
|
| 610 |
1 |
|
|a системное программирование
|
| 610 |
1 |
|
|a форматирование
|
| 675 |
|
|
|a 681.3.06
|v 3
|
| 700 |
|
1 |
|a Лукацкий
|b А. М.
|g Александр Маркович
|
| 801 |
|
1 |
|a RU
|b 63413507
|c 20140906
|
| 801 |
|
2 |
|a RU
|b 63413507
|c 20170221
|g RCR
|
| 942 |
|
|
|c BK
|